000 00344nam a2200121Ia 4500
008 250110s9999 xx 000 0 und d
041 _aeng
100 _aRajgiri Smita
_9182665
245 _aE Waste Management Plan For Pune City
260 _bM.Arch Environmental, Pune
_c2014
300 _a76p
700 _aGuide Name:Dhamankar Namrata
_9210340
999 _c363532
_d363532